000 00506nam a2200181 a 4500
001 0362
005 20140414132022.0
008 040910s19uu xx 00 eng d
020 _a0-590-99464-6
050 _aTR
_bIW2 1989
100 _aWilliams, Sue
245 _aI went walking /
_cwritten by Sue Williams ; illustrated by Julie Vivas.
260 _aNew York :
_bScholastic,
_c1989.
300 _a1 v.p. : ill. ; cm.
650 _aAnimals
_xFiction.
650 _aChildren stories.
999 _c113499
_d113499